KOHA-Header-6

Knowledge Management in Theory and Practice (Record no. 10083)

000 -LEADER
fixed length control field 00276nam a2200109Ia 4500
100 ## - MAIN ENTRY--AUTHOR NAME
Personal name Jay Liebowitz
245 #0 - TITLE STATEMENT
Title Knowledge Management in Theory and Practice
260 ## - PUBLICATION, DISTRIBUTION, ETC. (IMPRINT)
Place of publication India
Name of publisher S. Chand
Year of publication 2008
300 ## - PHYSICAL DESCRIPTION
Number of Pages 64
942 ## - ADDED ENTRY ELEMENTS (KOHA)
Koha item type Books
Holdings
Withdrawn status Lost status Collection code Permanent Location Current Location Shelving location Date acquired Full call number Accession Number Koha item type
    Management MAJU MAJU Shelf No.A38 REF 2019-09-14 891.4 6180 Management

Powered by Koha